000 00768nam a2200277Ia 4500
005 20260324113809.0
008 008 260324s9999 xx 000 0 eng d
020 _a9781003373919
037 _aEBOOK
040 _aCRL
040 _beng
040 _cCRL
041 _2eng
041 _aeng
084 _qCRL
100 _aSamuel Adekunle; Clinton Ohis Aigbavboa; Obuks Ejohwomu; Wellington Didibhuku Thwala; Abdul-Majeed Mahamadu
_91148213
245 2 _aA Building Information Modelling Maturity Model for Developing Countries
260 _bTaylor and Francis
260 _c2023
365 _a
365 _b355
856 _uhttp://www.taylorfrancis.com/books/9781003373919
942 _cEBOOK
999 _c1738050
_d1738050